[Event "GER-chT U16"]
[Site "Magdeburg"]
[Date "2014.12.27"]
[Round "2.3"]
[White "Fabiunke, Jakob"]
[Black "Soos, Philipp"]
[Result "1-0"]
[WhiteElo "1726"]
[BlackElo "1639"]
[PlyCount "115"]
[EventDate "2014.12.27"]
[EventType "team-swiss"]
[EventRounds "7"]
[EventCountry "GER"]
[SourceTitle "EXT 2016"]
[Source "ChessBase"]
[SourceDate "2015.10.08"]
[SourceVersion "1"]
[SourceVersionDate "2015.10.08"]
[SourceQuality "1"]
[WhiteTeam "Weissensee Chemie"]
[BlackTeam "Backnang"]
[WhiteTeamCountry "GER"]
[BlackTeamCountry "GER"]

1. e4 e5 2. Nf3 Nc6 3. Bc4 Nf6 4. d3 Bc5 5. c3 d6 6. 0-0 Bg4 7. Nbd2 Ne7 8. Qb3 0-0 9. Qxb7 Bb6 10. Qa6 Ng6 11. Re1 Qd7 12. d4 exd4 13. Nxd4 c5 14. Ne2 Nh4 15. Ng3 Rfe8 16. Bb5 Qc8 17. Qxc8 Rexc8 18. Nc4 Bf3 19. Nxb6 axb6 20. Bf1 h6 21. Kh1 Bh5 22. Nxh5 Nxh5 23. Bc4 Re8 24. f3 Nf6 25. Bf4 Rad8 26. Rad1 d5 27. exd5 Nf5 28. Rxe8+ Rxe8 29. Bb5 Rd8 30. d6 g5 31. Be5 Nd7 32. Bg3 Kg7 33. b4 cxb4 34. cxb4 Nxg3+ 35. hxg3 Kf6 36. a4 Ke6 37. a5 bxa5 38. bxa5 f5 39. a6 Nb6 40. d7 Ke7 41. Re1+ Kd6 42. Re8 Kc7 43. Rxd8 Kxd8 44. a7 Kc7 45. Kg1 g4 46. f4 h5 47. Kf2 Kd8 48. Ke3 Kc7 49. Kd4 h4 50. gxh4 g3 51. h5 Kd8 52. h6 Ke7 53. h7 Nxd7 54. Bxd7 Kf7 55. h8Q Ke7 56. a8Q Kd6 57. Qe5+ Kxd7 58. Qae8# 1-0

[Event "GER-chT U16"]
[Site "Magdeburg"]
[Date "2014.12.27"]
[Round "1.3"]
[White "Soos, Philipp"]
[Black "Le, Kim Anh"]
[Result "0-1"]
[WhiteElo "1639"]
[BlackElo "1269"]
[PlyCount "86"]
[EventDate "2014.12.27"]
[EventType "team-swiss"]
[EventRounds "7"]
[EventCountry "GER"]
[SourceTitle "EXT 2016"]
[Source "ChessBase"]
[SourceDate "2015.10.08"]
[SourceVersion "1"]
[SourceVersionDate "2015.10.08"]
[SourceQuality "1"]
[WhiteTeam "Backnang"]
[BlackTeam "Gernsheim"]
[WhiteTeamCountry "GER"]
[BlackTeamCountry "GER"]

1. e4 c5 2. Nf3 e6 3. d4 cxd4 4. Nxd4 a6 5. Nc3 Qc7 6. a3 b5 7. Bd3 Bb7 8. Be3 Nf6 9. 0-0 d6 10. Re1 Nbd7 11. Rc1 Nc5 12. Bg5 Be7 13. b4 Ncd7 14. Na2 Ne5 15. f4 Qb6 16. Kh1 Neg4 17. Qd2 0-0 18. h3 Qxd4 19. hxg4 Nxg4 20. Bxe7 Nf2+ 21. Kh2 Bxe4 22. Bxf8 Rxf8 23. Re2 Ng4+ 24. Kg3 Nf6 25. Nc3 Bxd3 26. Qxd3 Nh5+ 27. Kh2 Qxf4+ 28. g3 Qxc1 29. Ne4 Qh6 30. Kg2 Qg6 31. Qxd6 f5 32. Rf2 f4 33. Kf1 Qxe4 34. Kg1 Qe1+ 35. Kg2 f3+ 36. Kh3 Qxf2 37. Qxe6+ Kh8 38. Kh4 Qxg3+ 39. Kxh5 g6+ 40. Qxg6 Qxg6+ 41. Kh4 Rf4+ 42. Kh3 Qg4+ 43. Kh2 Qg2# 0-1

[Event "GER-chT U14"]
[Site "Magdeburg"]
[Date "2012.12.29"]
[Round "5.3"]
[White "Brungs, Sven"]
[Black "Soos, Philipp"]
[Result "0-1"]
[WhiteElo "1703"]
[BlackElo "1604"]
[PlyCount "84"]
[EventDate "2012.12.27"]
[EventType "team-swiss"]
[EventRounds "7"]
[EventCountry "GER"]
[SourceTitle "EXT 2014"]
[Source "ChessBase"]
[SourceDate "2013.11.20"]
[SourceVersion "1"]
[SourceVersionDate "2013.11.20"]
[SourceQuality "1"]
[WhiteTeam "Porz SG"]
[BlackTeam "Backnang"]
[WhiteTeamCountry "GER"]
[BlackTeamCountry "GER"]

1. d4 Nf6 2. Nf3 g6 3. c4 c5 4. d5 b5 5. cxb5 a6 6. bxa6 Bxa6 7. g3 Bg7 8. Bg2 d6 9. 0-0 0-0 10. Nc3 Nbd7 11. Re1 Ne8 12. Bf4 Nc7 13. e4 Nb5 14. Nxb5 Bxb5 15. Qc1 Nb6 16. Bh6 Ra6 17. Bxg7 Kxg7 18. Qc3+ Kg8 19. Nd2 Qa8 20. a3 Rb8 21. Reb1 Ra4 22. Bf3 Rd4 23. b4 Na4 24. Qc1 Bd3 25. Rb3 c4 26. Rxd3 cxd3 27. Nb3 Rc8 28. Qe3 Rdc4 29. Na5 Rc3 30. Nc6 Rc7 31. Qd2 Qa6 32. Bd1 Rc4 33. Na5 Rxe4 34. Bxa4 Re2 35. b5 Qb6 36. Qf4 Qxa5 37. Kg2 Qb6 38. Rd1 Rc4 39. Qxc4 Qxf2+ 40. Kh3 Qxh2+ 41. Kg4 h5+ 42. Kf4 Qf2+ 0-1

[Event "GER-chT U14"]
[Site "Magdeburg"]
[Date "2012.12.28"]
[Round "3.3"]
[White "Oezdemir, Ali Oezden"]
[Black "Soos, Philipp"]
[Result "1/2-1/2"]
[WhiteElo "1608"]
[BlackElo "1604"]
[PlyCount "50"]
[EventDate "2012.12.27"]
[EventType "team-swiss"]
[EventRounds "7"]
[EventCountry "GER"]
[SourceTitle "EXT 2014"]
[Source "ChessBase"]
[SourceDate "2013.11.20"]
[SourceVersion "1"]
[SourceVersionDate "2013.11.20"]
[SourceQuality "1"]
[WhiteTeam "Langen"]
[BlackTeam "Backnang"]
[WhiteTeamCountry "GER"]
[BlackTeamCountry "GER"]

1. Nf3 Nf6 2. d4 g6 3. c4 c5 4. Nc3 cxd4 5. Nxd4 Bg7 6. e4 d6 7. Be2 Nbd7 8. Be3 Nb6 9. 0-0 Bd7 10. f3 Rc8 11. b3 0-0 12. Qd2 Qc7 13. Rac1 Rcd8 14. Rfd1 Rfe8 15. Ndb5 Qb8 16. Nd4 Qc7 17. Nd5 Nbxd5 18. exd5 Qb8 19. Re1 e6 20. dxe6 Bxe6 21. Nxe6 Rxe6 22. Bf4 Nh5 23. Bh6 Rde8 24. Bxg7 Nxg7 25. Bd3 Qd8 1/2-1/2

[Event "GER-chT U14"]
[Site "Magdeburg"]
[Date "2012.12.27"]
[Round "1.3"]
[White "Joeres, Roman"]
[Black "Soos, Philipp"]
[Result "0-1"]
[WhiteElo "1301"]
[BlackElo "1604"]
[PlyCount "92"]
[EventDate "2012.12.27"]
[EventType "team-swiss"]
[EventRounds "7"]
[EventCountry "GER"]
[SourceTitle "EXT 2014"]
[Source "ChessBase"]
[SourceDate "2013.11.20"]
[SourceVersion "1"]
[SourceVersionDate "2013.11.20"]
[SourceQuality "1"]
[WhiteTeam "Karlsruhe 1853"]
[BlackTeam "Backnang"]
[WhiteTeamCountry "GER"]
[BlackTeamCountry "GER"]

1. d4 Nf6 2. g3 g6 3. Bg2 Bg7 4. Nf3 0-0 5. 0-0 d5 6. Bg5 h6 7. Bf4 Bf5 8. Nbd2 c6 9. c4 dxc4 10. Nxc4 Nd5 11. Be3 Nd7 12. Qd2 Kh7 13. Bf4 N7f6 14. Be5 Ne4 15. Qd1 f6 16. Bf4 Nxf4 17. gxf4 Qd7 18. Nh4 Rad8 19. e3 Qe6 20. b3 b5 21. Nd2 Nc3 22. Qf3 Bd3 23. Rfe1 Qd5 24. Qxd5 Nxd5 25. Be4 Bxe4 26. Nxe4 Nb4 27. Rec1 f5 28. Nc5 Rd6 29. a4 a6 30. axb5 cxb5 31. Nf3 Rc8 32. Ne5 Bxe5 33. fxe5 Rdc6 34. Kf1 Nd5 35. Nd3 Rxc1+ 36. Rxc1 Rxc1+ 37. Nxc1 Nb4 38. Ke2 g5 39. Kf3 e6 40. e4 f4 41. Ne2 Nd3 42. Nc3 Kg6 43. Nd5 exd5 44. exd5 Kf5 45. d6 Ke6 46. d5+ Kxd5 0-1

[Event "GER-chT U14"]
[Site "Lingen"]
[Date "2011.12.29"]
[Round "6.3"]
[White "Soos, Philipp"]
[Black "Zimmermeier, Gregor"]
[Result "1-0"]
[WhiteElo "1561"]
[BlackElo "877"]
[PlyCount "107"]
[EventDate "2011.12.27"]
[EventType "team-swiss"]
[EventRounds "7"]
[EventCountry "GER"]
[SourceTitle "EXT 2022"]
[Source "ChessBase"]
[SourceDate "2021.10.06"]
[SourceVersion "1"]
[SourceVersionDate "2021.10.06"]
[SourceQuality "1"]
[WhiteTeam "Backnang U14"]
[BlackTeam "Schwarzenbach Caissa U14"]
[WhiteTeamCountry "GER"]
[BlackTeamCountry "GER"]

1. e4 Nc6 2. Nf3 e5 3. Bc4 Nf6 4. Ng5 d5 5. exd5 Nxd5 6. Qh5 g6 7. Qf3 Qxg5 8. Bxd5 Qe7 9. Bxc6+ Kd8 10. Bxb7 Rb8 11. Qd3+ Qd6 12. Qxd6+ Bxd6 13. Bxc8 Kxc8 14. b3 Bb4 15. Bb2 f6 16. 0-0 Rd8 17. d3 h5 18. f4 Bd6 19. fxe5 Bxe5 20. Bxe5 fxe5 21. Rf3 Rg8 22. Re3 Kb7 23. Rxe5 Rbf8 24. Nc3 Rf6 25. Rf1 Rc6 26. Ne4 Rxc2 27. Nc5+ Kc8 28. a4 Ra2 29. Re6 g5 30. Re5 c6 31. Re6 Kc7 32. Rf7+ Kd8 33. Rxc6 Ke8 34. Rxa7 Ra1+ 35. Kf2 Rf8+ 36. Ke3 Re1+ 37. Kd2 Re7 38. Rc8+ Kf7 39. Rxf8+ Kxf8 40. Rxe7 Kxe7 41. d4 Kd6 42. b4 Kc6 43. a5 g4 44. a6 h4 45. h3 gxh3 46. gxh3 Kb6 47. b5 Ka7 48. d5 Kb8 49. b6 Kc8 50. a7 Kd8 51. a8Q+ Ke7 52. Qc6 Kd8 53. Qc7+ Ke8 54. b7 1-0